500 AP Calculus AB/BC Questions to know by test day (Record no. 13605)
[ view plain ]
| 000 -LEADER | |
|---|---|
| fixed length control field | 00320nam a22001337a 4500 |
| 020 ## - INTERNATIONAL STANDARD BOOK NUMBER | |
| ISBN | 978-1-26-427755-1 |
| 082 ## - DEWEY DECIMAL CLASSIFICATION NUMBER | |
| Classification number | 515 |
| Item number | ANA |
| 100 ## - MAIN ENTRY--AUTHOR NAME | |
| Personal name | Anaxos |
| 245 ## - TITLE STATEMENT | |
| Title | 500 AP Calculus AB/BC Questions to know by test day |
| 260 ## - PUBLICATION, DISTRIBUTION, ETC. (IMPRINT) | |
| Place of publication | New York |
| Name of publisher | MC Graw Hill |
| 300 ## - PHYSICAL DESCRIPTION | |
| Number of Pages | 290 Pages |
| 650 ## - SUBJECT ADDED ENTRY--TOPICAL TERM | |
| Topical Term | Calculus, math |
| 942 ## - ADDED ENTRY ELEMENTS (KOHA) | |
| Koha item type | Books |
| Withdrawn status | Lost status | Collection code | Permanent Location | Current Location | Shelving location | Date acquired | Full call number | Accession Number | Koha item type |
|---|---|---|---|---|---|---|---|---|---|
| | | Calculus | MAJU | MAJU | Shelf No.B31 | 2022-12-19 | 515 ANA | 10661 | Books |